000 00705nam a2200229 a 4500
999 _c11884
_d11884
001 11884
003 BD-JhCC
005 20201123123436.0
008 201123s2017 bg a|||| ||a| 000 0 ben d
020 _a9789844844104
035 _a(BD-JhCC)11884
040 _aBD-JhCC
_dBD-JhCC
041 _aben
082 _a891.3
_bASH 2017
100 _aআছিব, হুসেইন
245 _aসায়েন্স ফিকশন:
_bসুপিরিয়র /
_cহুসেইন আছিব ।
260 _aঢাকা:
_bশিখা প্রকাশনী;
_c২০১৭.
300 _a95 p. :
_c22 cm.
650 _aBengali Science Fiction
942 _2ddc
_cBK
_02